Tea / (Record no. 18692)

000 -LEADER
fixed length control field 00473cam a2200169 a 4500
020 ## - INTERNATIONAL STANDARD BOOK NUMBER
ISBN 0333544501
040 ## - CATALOGING SOURCE
Transcribing agency DLC
041 1# - LANGUAGE CODE
Language code of original and/or intermediate translations of text fre
082 00 - DEWEY DECIMAL CLASSIFICATION NUMBER
Classification number 633 MAC 1990 C151 Or.
100 1# - MAIN ENTRY--AUTHOR NAME
Personal name Bonheure, Denis.
245 10 - TITLE STATEMENT
Title Tea /
260 ## - PUBLICATION, DISTRIBUTION, ETC. (IMPRINT)
Place of publication Wageningen, Netherlands :
Name of publisher CTA ;
Place of publication London :
Name of publisher Macmillan,
Year of publication c1990.
300 ## - PHYSICAL DESCRIPTION
Number of Pages vi, 102 p. :
Other physical details ill. ;
Dimensions 22 cm.
650 #0 - SUBJECT ADDED ENTRY--TOPICAL TERM
Topical Term Tea.
710 2# - ADDED ENTRY--CORPORATE NAME
Corporate name or jurisdiction name as entry element Technical Centre for Agricultural and Rural Cooperation (Ede, Netherlands)
942 ## - ADDED ENTRY ELEMENTS (KOHA)
Koha item type ADB
952 ## - LOCATION AND ITEM INFORMATION (KOHA)
Withdrawn status [LOCAL, KOHA] 0
Holdings
Source of acquisition Permanent Location Date acquired Koha item type Lost status Shelving location Current Location Full call number
A35107Library Block C2020-01-13សៀវភៅភាសាអង់គ្លេស C151Library Block C633 MAC 1990 C151 Or.
មជ្ឈមណ្ឌលឯការនៃសាកលវិទ្យាល័យភូមិន្ទកសិកម្មចំការដូង

Powered by Koha